000 00745cam a2200253 a 4500
001 000009100
005 20250218125614.0
008 930608s1999 sp 000 f spa d
020 _a8420484415
040 _aDO-SdBNP
_dBNPHU
082 _aB869.34
_bS243h
100 1 _aSaramago, José,
_d1922-2010
_912950
240 0 0 _aHistória dol cerco de Lisboa.
_lEspañol
245 1 0 _aHistoria del cerco de Lisboa /
_cJosé Saramago.
260 _aMadrid :
_bSantillana ;
_bAlfaguara,
_c1999.
300 _a427 p. ;
_c22 cm.
490 1 _aBiblioteca
650 4 _aNovela portuguesa
_912951
650 4 _aLiteratura portuguesa
_ySIGLO XX
_913685
830 0 _aBiblioteca
_91648
910 _aCatalogación derivada
910 _aWM
049 _aBNGR
999 _c8864
_d8864